[Event "Zuerich op-B 40th"]
[Site "Zuerich"]
[Date "2016.12.27"]
[Round "3"]
[White "Wuethrich, Sebastian"]
[Black "Studer, Vital Alexander"]
[Result "0-1"]
[WhiteElo "1805"]
[BlackElo "1907"]
[PlyCount "56"]
[EventDate "2016.12.26"]
[EventType "swiss"]
[EventRounds "7"]
[EventCountry "SUI"]
[SourceTitle "EXT 2019"]
[Source "ChessBase"]
[SourceDate "2018.10.10"]
[SourceVersion "1"]
[SourceVersionDate "2018.10.10"]
[SourceQuality "1"]

1. d4 d5 2. c4 dxc4 3. a4 Nf6 4. e3 Bf5 5. Bxc4 e6 6. Ne2 c5 7. 0-0 Nc6 8. Nbc3 a6 9. Bd3 Bxd3 10. Qxd3 Bd6 11. f4 Rc8 12. e4 cxd4 13. e5 Bc5 14. Kh1 dxc3 15. Qxd8+ Rxd8 16. exf6 gxf6 17. Nxc3 f5 18. Ne2 Rd3 19. Rb1 Ke7 20. b3 Rhd8 21. Bb2 Rd2 22. Ng3 Rc2 23. Bc1 Rd3 24. Re1 Kf8 25. Nf1 Bb4 26. Ne3 Rf2 27. Rf1 Rxf1+ 28. Nxf1 Rd1 0-1